000 00311nam a2200121Ia 4500
008 241015s9999 xx 000 0 und d
041 _aeng
082 _a651.7 JON
100 _aLindsy
245 _aRunning Great Meetings and Workshop For Dummies
260 _bWiley
_aNew Dehli
_c2014
300 _a334;. P. 22 cm
999 _c41622
_d41622